Leadership skills and change management : (Record no. 85069)

MARC details
000 -LEADER
fixed length control field 00571nam a22001817a 4500
005 - DATE AND TIME OF LATEST TRANSACTION
control field 20140613121645.0
010 ## - LCCN (DPL NO)
LC control number ENG-110203
020 ## - INTERNATIONAL STANDARD BOOK NUMBER
International Standard Book Number 9788179981429
Terms of availability 275.00
035 ## - SYSTEM CONTROL NUMBER
System control number EN-93735
037 ## - SOURCE OF ACQUISITION
Source of stock number/acquisition DBAD/PUB
082 ## - DEWEY DECIMAL CLASSIFICATION NUMBER
Classification number 658.4092
100 ## - MAIN ENTRY--PERSONAL NAME
Personal name Sudha, G.S.
245 ## - TITLE STATEMENT
Title Leadership skills and change management :
Statement of responsibility, etc by G.S. Sudha
Remainder of title with mini cases, problems and helpful hints /
260 ## - PUBLICATION, DISTRIBUTION, ETC. (IMPRINT)
Place of publication, distribution, etc Jaipur
Name of publisher, distributor, etc Malik and Co.
Date of publication, distribution, etc 2014
270 ## - ADDRESS
Address 337, chaura rasta
City Jaipur
Postal code 302003
300 ## - PHYSICAL DESCRIPTION
Extent xiv,316p.:
Dimensions 23cm(pbk)
Other physical details ill
942 ## - ADDED ENTRY ELEMENTS (KOHA)
Source of classification or shelving scheme Dewey Decimal Classification
Item type English Books
Call number suffix SUD
Classification part 658.4092
Holdings
Withdrawn status Lost status Not for loan Collection code Home library Current library Date acquired Source of acquisition Cost, normal purchase price Full call number Barcode Copy number Cost, replacement price Koha item type
    Not For Loan Non-fiction D.B.Act.Division D.B.Act.Division 12/06/2014 ENG-110203 275.00 658.4092 SUD EN-93735 1 275.00 English Books

© Delhi Public Library
Hit Counter
free hit counter